000 00262nam a2200097Ia 4500
001 1169080
005 20250827011851.0
008 250824s9999 xx 000 0 und d
245 0 _aHAYAT, ANCAK BEN OLDUĞUMDA GERÇEKTİR
_cGURDJİEFF
260 _bDESTEK YAYINLARI
999 _c1169080
_d1169080